[Event "Guildford Spring op"]
[Site "Guildford"]
[Date "2024.04.12"]
[Round "1"]
[White "Wastney, Dylan"]
[Black "Lohia, Sohum"]
[Result "0-1"]
[WhiteElo "1901"]
[BlackElo "2316"]
[PlyCount "106"]
[EventDate "2024.04.12"]
[EventType "swiss"]
[EventRounds "5"]
[EventCountry "ENG"]
[SourceTitle "CB18_2024"]
[SourceDate "2024.05.01"]
[SourceVersion "1"]
[SourceVersionDate "2024.05.01"]
[SourceQuality "2"]

1. e4 e5 2. Nf3 Nc6 3. Bb5 a6 4. Ba4 Nf6 5. d3 b5 6. Bb3 Bc5 7. 0-0 d6 8. c3 h6 9. Re1 0-0 10. a4 Rb8 11. h3 Bb6 12. d4 Re8 13. d5 Ne7 14. Nbd2 Ng6 15. Nf1 Nh5 16. Be3 Nhf4 17. a5 Bc5 18. Bc2 Qd7 19. N3h2 Nxg2 20. Bxc5 Nxe1 21. Qxe1 dxc5 22. c4 Nf4 23. Ne3 Qxh3 24. cxb5 axb5 25. a6 Rb6 26. Qf1 Qxf1+ 27. Kxf1 Rxa6 28. Rxa6 Bxa6 29. Ke1 b4 30. Kd2 h5 31. Nf3 f6 32. Nf5 g6 33. Ng3 Kg7 34. Nh4 g5 35. Nf3 h4 36. Nf5+ Kg6 37. Nh2 Bc8 38. Ne3 Rd8 39. Ke1 Bd7 40. b3 c6 41. f3 Ra8 42. Kd2 Ra1 43. Bd1 cxd5 44. exd5 f5 45. Nc4 Kf6 46. Nb6 Bb5 47. Bc2 Rh1 48. d6 Rxh2+ 49. Kc1 Ne2+ 50. Kb1 Nc3+ 51. Kc1 h3 52. d7 Rxc2+ 53. Kxc2 Ke7 0-1

[Event "British Rapidplay"]
[Site "Peterborough"]
[Date "2024.03.03"]
[Round "11"]
[White "Wastney, Dylan"]
[Black "Brocklehurst, Andrew"]
[Result "1-0"]
[WhiteElo "1901"]
[BlackElo "1880"]
[PlyCount "133"]
[EventDate "2024.03.02"]
[EventType "swiss (rapid)"]
[EventRounds "11"]
[EventCountry "ENG"]
[SourceTitle "CB10_2024"]
[SourceDate "2024.03.06"]
[SourceVersion "1"]
[SourceVersionDate "2024.03.06"]
[SourceQuality "1"]

1. e4 c5 2. Nc3 Nc6 3. Bb5 Nd4 4. Bc4 e6 5. f4 h5 6. Nf3 d6 7. d3 Bd7 8. Bd2 Nf6 9. 0-0 b5 10. Bb3 Qb6 11. Kh1 Be7 12. Qe1 Ng4 13. Ne2 a5 14. Nexd4 cxd4 15. c3 a4 16. Bc2 dxc3 17. bxc3 Rc8 18. Rb1 Qc7 19. d4 Qc4 20. f5 Qxa2 21. Bd3 0-0 22. h3 Nf6 23. fxe6 Bxe6 24. d5 Bd7 25. Qg3 Qa3 26. Nd4 Qc5 27. Nf5 Bxf5 28. Rxf5 a3 29. Rxb5 Qa7 30. Rb1 a2 31. Ra1 g6 32. Rf2 Kh7 33. Be3 Qc7 34. Bd4 Nd7 35. Raxa2 Qd8 36. Rf1 Bf6 37. Bxf6 Nxf6 38. Raf2 Nd7 39. Qxd6 Kg7 40. c4 Qc7 41. Qe7 Ne5 42. Qf6+ Kg8 43. Be2 Rce8 44. Rc1 Qc5 45. Rff1 Qe3 46. Qf2 Qxe4 47. Rfe1 f6 48. Red1 Nd7 49. Bd3 Qe5 50. Bxg6 Rb8 51. Bf5 Nc5 52. Qf3 Rb2 53. Qxh5 Rf7 54. Rb1 Na4 55. Rxb2 Nxb2 56. Ra1 Rb7 57. Qg6+ Kf8 58. Be6 Ke7 59. Qf7+ Kd6 60. Qxb7 Qc3 61. Ra6+ Ke5 62. Qc7+ Ke4 63. Ra1 Nd3 64. Rf1 Ne5 65. Bf5+ Ke3 66. Qc5+ Qd4 67. Re1+ 1-0

[Event "British Rapidplay"]
[Site "Peterborough"]
[Date "2024.03.03"]
[Round "9"]
[White "Wastney, Dylan"]
[Black "Darbost, Fabien"]
[Result "1-0"]
[WhiteElo "1901"]
[BlackElo "1615"]
[PlyCount "101"]
[EventDate "2024.03.02"]
[EventType "swiss (rapid)"]
[EventRounds "11"]
[EventCountry "ENG"]
[SourceTitle "CB10_2024"]
[SourceDate "2024.03.06"]
[SourceVersion "1"]
[SourceVersionDate "2024.03.06"]
[SourceQuality "1"]

1. e4 e5 2. Nf3 Nc6 3. Bb5 d6 4. c3 Nf6 5. d3 Be7 6. 0-0 Bg4 7. h3 Bh5 8. Nbd2 a6 9. Ba4 0-0 10. Re1 Nd7 11. Nf1 Nb6 12. Bb3 Bf6 13. Ng3 Bg6 14. d4 Re8 15. d5 Ne7 16. Be3 Rc8 17. Rc1 Na8 18. c4 c6 19. Qd2 c5 20. Bc2 b5 21. Bd3 Rb8 22. Rb1 b4 23. a3 a5 24. axb4 axb4 25. Ra1 Qb6 26. b3 Nc7 27. Ra4 Ra8 28. Rea1 Reb8 29. h4 h5 30. Ng5 Bxg5 31. Bxg5 f6 32. Be3 Rxa4 33. Rxa4 Rf8 34. Be2 f5 35. exf5 Nxf5 36. Nxf5 Rxf5 37. Bd3 Rf6 38. Bg5 Bxd3 39. Bxf6 Bxc4 40. bxc4 gxf6 41. Ra1 Kg7 42. f4 e4 43. f5 b3 44. Rb1 Nxd5 45. Qxd5 b2 46. Qxe4 Kf7 47. Qc2 Qb8 48. Rxb2 Qe8 49. Rb7+ Kf8 50. Qd2 Qc8 51. Qh6+ 1-0

[Event "British Rapidplay"]
[Site "Peterborough"]
[Date "2024.03.02"]
[Round "1"]
[White "Wastney, Dylan"]
[Black "Moreby, James"]
[Result "1/2-1/2"]
[WhiteElo "1901"]
[BlackElo "2260"]
[PlyCount "124"]
[EventDate "2024.03.02"]
[EventType "swiss (rapid)"]
[EventRounds "11"]
[EventCountry "ENG"]
[SourceTitle "CB10_2024"]
[SourceDate "2024.03.06"]
[SourceVersion "1"]
[SourceVersionDate "2024.03.06"]
[SourceQuality "1"]

1. e4 e6 2. d4 d5 3. e5 c5 4. c3 Nc6 5. Nf3 Nge7 6. Bd3 cxd4 7. 0-0 Ng6 8. Re1 Be7 9. cxd4 0-0 10. a3 Nh8 11. Qc2 g6 12. b4 a6 13. Nbd2 f6 14. Nb3 fxe5 15. dxe5 Kg7 16. Nc5 Nf7 17. Bb2 Ng5 18. Nxg5 Bxg5 19. Nxa6 Qb6 20. Nc5 Be7 21. Rac1 Bg5 22. Rcd1 Be7 23. Nb3 Bd7 24. Bc1 Rac8 25. Qd2 Rf7 26. Qe3 Qc7 27. Nd4 Rcf8 28. Nb5 Qb8 29. f3 Kg8 30. Bd2 Re8 31. Rc1 Bf8 32. Qg5 Be7 33. Qg3 Bf8 34. Bb1 Bg7 35. Nd6 Bxe5 36. Rxe5 Qxd6 37. Ree1 e5 38. Be3 d4 39. Bh6 Bf5 40. Ba2 Be6 41. Bxe6 Rxe6 42. b5 Na7 43. a4 Rc7 44. Qg4 Ree7 45. Qe4 Nc8 46. Rxc7 Qxc7 47. Qd5+ Kh8 48. Bg5 Rf7 49. Rxe5 Nd6 50. Qxd4 Kg8 51. Rd5 Nf5 52. Qd2 Qb6+ 53. Kh1 Qe6 54. Rd8+ Rf8 55. Rxf8+ Kxf8 56. h3 Kf7 57. a5 Qe5 58. a6 Qxb5 59. Qa2+ Kg7 60. a7 Qe5 61. a8Q Qe1+ 62. Kh2 Qg3+ 1/2-1/2

[Event "Berkshire Berks & Bucks op-B"]
[Site "Berkshire"]
[Date "2023.08.28"]
[Round "5"]
[White "Zhang, Junyi"]
[Black "Wastney, Dylan"]
[Result "0-1"]
[WhiteElo "1490"]
[BlackElo "1665"]
[PlyCount "82"]
[EventDate "2023.08.26"]
[EventType "swiss"]
[EventRounds "6"]
[EventCountry "ENG"]
[SourceTitle "EXT 2024"]
[Source "ChessBase"]
[SourceDate "2023.10.10"]
[SourceVersion "1"]
[SourceVersionDate "2023.10.10"]
[SourceQuality "1"]

1. e4 c5 2. Nc3 e6 3. f4 d5 4. Bb5+ Bd7 5. Bxd7+ Qxd7 6. Nf3 Nc6 7. d3 d4 8. Nb1 Nf6 9. 0-0 Be7 10. Nbd2 Qc7 11. Nc4 b5 12. Nce5 0-0 13. Qe1 Nxe5 14. fxe5 Nd7 15. Bf4 Rfd8 16. Qg3 Nf8 17. Bg5 Ng6 18. Bxe7 Qxe7 19. h4 h6 20. Rf2 Rd7 21. Raf1 Rc8 22. h5 Nf8 23. Nh2 Qg5 24. Qxg5 hxg5 25. Rf3 Nh7 26. Rg3 c4 27. Nf3 f6 28. exf6 gxf6 29. e5 f5 30. dxc4 Rxc4 31. Rf2 g4 32. Ne1 Ng5 33. Rb3 Ne4 34. Re2 Rb7 35. Nd3 a5 36. Nf4 Kf7 37. h6 Rc8 38. Rd3 Rd7 39. g3 Ng5 40. c3 Rc4 41. Kg2 b4 0-1

[Event "Daventry 4NCL op-A 30th"]
[Site "Daventry"]
[Date "2023.06.17"]
[Round "3"]
[White "Wastney, Dylan"]
[Black "Shearsby, Jude"]
[Result "0-1"]
[WhiteElo "1667"]
[BlackElo "2120"]
[PlyCount "90"]
[EventDate "2023.06.16"]
[EventType "swiss"]
[EventRounds "5"]
[EventCountry "ENG"]
[SourceTitle "CBM 214 Extra"]
[Source "ChessBase"]
[SourceDate "2023.07.31"]
[SourceVersion "1"]
[SourceVersionDate "2023.07.31"]
[SourceQuality "1"]

1. e4 c5 2. Nc3 d6 3. f4 g6 4. Nf3 Bg7 5. Bb5+ Bd7 6. Bxd7+ Qxd7 7. 0-0 Nc6 8. d3 e6 9. Be3 Nge7 10. d4 cxd4 11. Nxd4 0-0 12. Qd2 d5 13. exd5 Nxd5 14. Nxc6 bxc6 15. Rad1 Rab8 16. b3 Rfd8 17. Nxd5 Qxd5 18. Qe2 Qe4 19. Qf2 a6 20. h3 Rd5 21. Rxd5 cxd5 22. Bc5 Bc3 23. Rd1 Rc8 24. Rd3 Be1 25. Qe3 Qxe3+ 26. Rxe3 Rxc5 27. Rxe1 Rxc2 28. a4 Rb2 29. Re3 Kf8 30. Kh2 Ke7 31. Kg3 Kd6 32. Kf3 Kc5 33. Rc3+ Kd6 34. g4 d4 35. Rd3 Kd5 36. f5 e5 37. Rd1 Rxb3+ 38. Kg2 gxf5 39. gxf5 e4 40. h4 Rb2+ 41. Kg3 e3 42. Re1 Ke4 43. a5 d3 44. f6 d2 45. Rd1 e2 0-1